Environmental Concerns And Strategies (Record no. 90295)

MARC details
000 -LEADER
fixed length control field 00331pam a2200145 a 4500
020 ## - INTERNATIONAL STANDARD BOOK NUMBER
Terms of availability
041 ## - LANGUAGE CODE
Language code of text/sound track or separate title eng
082 ## - DEWEY DECIMAL CLASSIFICATION NUMBER
Classification number 628.168
Item number KHO
100 ## - MAIN ENTRY--PERSONAL NAME
Personal name Khashoo.T.N.
245 ## - TITLE STATEMENT
Title Environmental Concerns And Strategies
Medium Textual Documents
250 ## - EDITION STATEMENT
Edition statement 3.
260 ## - PUBLICATION, DISTRIBUTION, ETC.
Place of publication, distribution, etc. Lalbagh
Name of publisher, distributor, etc. Ashish Publications
300 ## - PHYSICAL DESCRIPTION
Extent 687p.
930 ## - EQUIVALENCE OR CROSS-REFERENCE-UNIFORM TITLE HEADING [LOCAL, CANADA]
Uniform title 13394
Holdings
Withdrawn status Lost status Damaged status Not for loan Collection Home library Current library Date acquired Source of acquisition Cost, normal purchase price Total Checkouts Full call number Barcode Date last seen Copy number Price effective from Koha item type
          Yashwantrao Mohite College of Arts, Science And Commerce, Pune Yashwantrao Mohite College of Arts, Science And Commerce, Pune 07/07/2021 Diamond Publication 600.00   628.168 KHO YMP-65101 24/02/2023 1 24/02/2023 Book